Délmagyarország. - 1929. május 8., Szerda
Elmentve itt :
| Dokumentumtípus: | Újság |
|---|---|
| Megjelent: |
1929-05-08
|
| Sorozat: | Délmagyarország
5 No. 103 |
| Online Access: | http://dmarchiv.bibl.u-szeged.hu/5883 |
| LEADER | 00483nas a2200145 i 4500 | ||
|---|---|---|---|
| 001 | delm5883 | ||
| 005 | 20200414150754.0 | ||
| 008 | 171213s1929 hu n o 0|| hun d | ||
| 022 | |a 0133-025X | ||
| 040 | |a SZTE Délmagyarország Archívum |b hun | ||
| 041 | |a hun | ||
| 245 | 0 | 0 | |a Délmagyarország. - 1929. május 8., Szerda |h [elektronikus dokumentum] |
| 260 | |c 1929-05-08 | ||
| 490 | 0 | |a Délmagyarország |v 5 No. 103 | |
| 856 | 4 | 0 | |u http://dmarchiv.bibl.u-szeged.hu/5883/1/dm_1929_103.pdf |z Dokumentum-elérés |